| 000 | 01435cam a22003134a 4500 | ||
|---|---|---|---|
| 999 |
_c18890 _d18890 |
||
| 001 | 13715448 | ||
| 005 | 20170114103804.0 | ||
| 008 | 040910s2005 njua 001 0 eng | ||
| 010 | _a 2004059413 | ||
| 020 | _a0471472743 (alk. paper) | ||
| 040 |
_aDLC _cDLC _dDLC |
||
| 042 | _apcc | ||
| 050 | 0 | 0 |
_aNC750 _b.M648 2005 |
| 100 | 1 |
_aMontague, John, _d1944- |
|
| 245 | 1 | 0 |
_aBasic perspective drawing : _ba visual approach / _cJohn Montague. |
| 250 | _a4th ed. | ||
| 260 |
_aHoboken, N.J. : _bJ. Wiley, _cc2005. |
||
| 300 |
_aix, 271 p. : _bill. ; _c21 x 28 cm. |
||
| 504 | _aIncludes bibliographical references and index. | ||
| 650 | 0 | _aPerspective. | |
| 650 | 0 |
_aDrawing _xTechnique. |
|
| 856 | 4 | 1 |
_3Table of contents only _uhttp://www.loc.gov/catdir/toc/wiley051/2004059413.html |
| 856 | 4 | 2 |
_3Contributor biographical information _uhttp://www.loc.gov/catdir/enhancements/fy0618/2004059413-b.html |
| 856 | 4 | 2 |
_3Publisher description _uhttp://www.loc.gov/catdir/enhancements/fy0618/2004059413-d.html |
| 942 |
_2lcc _cBOOKS _hNC750 .M648 2005 |
||